[Event "BL2 Ost 1718 (Women)"]
[Site "Germany"]
[Date "2017.10.15"]
[Round "2.4"]
[White "Hoegen, Julia"]
[Black "Riemer Nlula, Marion"]
[Result "0-1"]
[WhiteElo "1717"]
[BlackElo "1804"]
[PlyCount "104"]
[EventDate "2017.10.14"]
[EventType "team-tourn"]
[EventRounds "7"]
[EventCountry "GER"]
[SourceTitle "EXT 2019"]
[Source "ChessBase"]
[SourceDate "2018.10.10"]
[SourceVersion "1"]
[SourceVersionDate "2018.10.10"]
[SourceQuality "1"]
[WhiteTeam "Loeberitz (W)"]
[BlackTeam "Zeulenroda (W)"]
[WhiteTeamCountry "GER"]
[BlackTeamCountry "GER"]

1. e4 d5 2. exd5 Nf6 3. Nf3 Nxd5 4. d4 g6 5. c3 Bg7 6. Bg5 0-0 7. Bd3 h6 8. Bd2 Bg4 9. h3 Bxf3 10. Qxf3 c6 11. 0-0 Nd7 12. c4 N5b6 13. Nc3 e5 14. Qg3 exd4 15. Ne4 Nf6 16. Nxf6+ Qxf6 17. Qc7 Rab8 18. Rae1 Na8 19. Qg3 Rbd8 20. f4 Nb6 21. h4 Qd6 22. Qh3 Rfe8 23. f5 Rxe1 24. Rxe1 gxf5 25. Qxf5 Qg6 26. Qf3 Qf6 27. Qg4 Nd7 28. Rf1 Ne5 29. Qg3 Qe6 30. Bf5 Qd6 31. c5 Qxc5 32. Bxh6 Ng6 33. Bxg6 fxg6 34. Qxg6 d3+ 35. Kh1 Qd4 36. Qxg7+ Qxg7 37. Bxg7 Kxg7 38. Kg1 Re8 39. Rd1 Re2 40. b3 Rxa2 41. Rxd3 b6 42. g4 c5 43. Rd7+ Kg8 44. h5 Rb2 45. Rd3 b5 46. g5 c4 47. bxc4 bxc4 48. Rd8+ Kg7 49. h6+ Kg6 50. h7 Kxh7 51. Rd7+ Kg6 52. Rxa7 c3 0-1

[Event "BL2 Ost 1617 (Women)"]
[Site "Germany"]
[Date "2017.03.26"]
[Round "7.5"]
[White "Hoegen, Julia"]
[Black "Moldenhauer, Antje"]
[Result "0-1"]
[WhiteElo "1700"]
[BlackElo "1663"]
[PlyCount "104"]
[EventDate "2016.10.22"]
[EventType "team-tourn"]
[EventRounds "7"]
[EventCountry "GER"]
[SourceTitle "EXT 2018"]
[Source "ChessBase"]
[SourceDate "2017.10.13"]
[SourceVersion "1"]
[SourceVersionDate "2017.10.13"]
[SourceQuality "1"]
[WhiteTeam "Zoerbig Loeberitz (W)"]
[BlackTeam "Coswig (W)"]
[WhiteTeamCountry "GER"]
[BlackTeamCountry "GER"]

1. e4 c5 2. Nf3 d6 3. d4 cxd4 4. Nxd4 Nf6 5. Nc3 g6 6. Be2 Bg7 7. Be3 0-0 8. Qd2 Nc6 9. Nxc6 bxc6 10. 0-0 Qc7 11. f4 e6 12. Rad1 d5 13. e5 Nd7 14. Rf3 Bb7 15. Bd3 a6 16. Qf2 c5 17. Rh3 Rfd8 18. Na4 d4 19. Bd2 Bc6 20. b3 Bxa4 21. bxa4 Rab8 22. Bxa6 Rb2 23. Bc4 Rxc2 24. Ba5 Qxa5 25. Qxc2 Nb6 26. Bb5 Rc8 27. Qd2 Qa7 28. Rc1 Nd5 29. Kf2 Qb7 30. Rb3 Ne3 31. Kg1 Qe4 32. Qf2 Bh6 33. g3 Ng4 34. Qe1 Ne3 35. Qf2 Ng4 36. Qe1 Ne3 37. Qe2 Bf8 38. Bd3 Qd5 39. Bc4 Qe4 40. Bd3 Qd5 41. Bc4 Qe4 42. a5 g5 43. Bd3 Qd5 44. Rb5 gxf4 45. gxf4 Bh6 46. Rcb1 Qa8 47. R1b2 Kh8 48. Qh5 Rg8+ 49. Kf2 Qg2+ 50. Ke1 Qg1+ 51. Kd2 Rg2+ 52. Be2 Qd1# 0-1

[Event "BL2 Ost 1617 (Women)"]
[Site "Germany"]
[Date "2017.01.21"]
[Round "3.6"]
[White "Spangenberg, Pia"]
[Black "Hoegen, Julia"]
[Result "0-1"]
[WhiteElo "1759"]
[BlackElo "1700"]
[PlyCount "72"]
[EventDate "2016.10.22"]
[EventType "team-tourn"]
[EventRounds "7"]
[EventCountry "GER"]
[SourceTitle "EXT 2018"]
[Source "ChessBase"]
[SourceDate "2017.10.13"]
[SourceVersion "1"]
[SourceVersionDate "2017.10.13"]
[SourceQuality "1"]
[WhiteTeam "Leipzig Lindenau (W)"]
[BlackTeam "Zoerbig Loeberitz (W)"]
[WhiteTeamCountry "GER"]
[BlackTeamCountry "GER"]

1. e4 c5 2. Nf3 Nc6 3. d4 cxd4 4. Nxd4 d6 5. Nc3 g6 6. Be3 Bg7 7. Be2 Nf6 8. Qd2 0-0 9. 0-0-0 a6 10. h4 Ne5 11. f3 Nh5 12. g4 Ng3 13. Rhg1 Nxe2+ 14. Qxe2 b5 15. h5 Nc4 16. h6 Bh8 17. Nc6 Qd7 18. Nd4 Bb7 19. Bf2 Rac8 20. Kb1 e6 21. Rc1 b4 22. Nd1 a5 23. c3 Ba6 24. Ka1 Qb7 25. Be3 Ne5 26. Qg2 Nd3 27. Rc2 a4 28. Rh1 b3 29. axb3 axb3 30. Rd2 Bc4 31. Kb1 Qa6 32. Rxd3 Bxd3+ 33. Kc1 Bxd4 34. Bxd4 Be2 35. Kd2 Qd3+ 36. Ke1 Bxf3 0-1